Statystyki dla Tablica Mendelejewa - po kolei

Kliknij tutaj aby rozwiązać quiz!

Ogólne statystyki

  • Ten quiz został rozwiązany 155 razy
  • Średni wynik to 64 z 118

Statystyki odpowiedzi

#SymbolPierwiastek% Poprawnych
1HWodór
100%
2HeHel
90%
4BeBeryl
84%
3LiLit
84%
7NAzot
76%
6CWęgiel
76%
5BBor
73%
10NeNeon
73%
8OTlen
73%
18ArArgon
71%
17ClChlor
71%
9FFluor
71%
11NaSód
71%
13AlGlin
69%
12MgMagnez
69%
19KPotas
69%
16SSiarka
69%
20CaWapń
69%
15PFosfor
67%
14SiKrzem
67%
29CuMiedź
67%
28NiNikiel
67%
31GaGal
65%
27CoKobalt
65%
36KrKrypton
65%
21ScSkand
65%
22TiTytan
65%
23VWanad
65%
26FeŻelazo
65%
30ZnCynk
63%
32GeGerman
63%
25MnMangan
63%
33AsArsen
61%
35BrBrom
61%
24CrChrom
61%
34SeSelen
59%
38SrStront
57%
54XeKsenon
55%
37RbRubid
55%
39YItr
53%
42MoMolibden
53%
44RuRuten
53%
43TcTechnet
53%
40ZrCyrkon
51%
53IJod
51%
41NbNiob
51%
56BaBar
49%
103LrLorens
49%
86RnRadon
49%
45RhRod
49%
104RfRutherford
49%
92UUran
49%
89AcAktyn
47%
95AmAmeryk
47%
51SbAntymon
47%
85AtAstat
47%
97BkBerkel
47%
50SnCyna
47%
110DsDarmsztadt
47%
105DbDubn
47%
99EsEinstein
47%
114FlFlerow
47%
87FrFrans
47%
108HsHas
47%
48CdKadm
47%
98CfKaliforn
47%
96CmKiur
47%
112CnKopernik
47%
116LvLiwermor
47%
109MtMeitner
47%
101MdMendelew
47%
115McMoskow
47%
93NpNeptun
47%
113NhNihon
47%
102NoNobel
47%
118OgOganeson
47%
46PdPallad
47%
94PuPluton
47%
91PaProtaktyn
47%
88RaRad
47%
111RgRoentgen
47%
106SgSeaborg
47%
47AgSrebro
47%
117TsTenes
47%
79AuZłoto
47%
83BiBizmut
45%
107BhBohr
45%
55CsCez
45%
68ErErb
45%
100FmFerm
45%
72HfHafn
45%
67HoHolm
45%
49InInd
45%
77IrIryd
45%
70YbIterb
45%
57LaLantan
45%
71LuLutet
45%
82PbOłów
45%
76OsOsm
45%
78PtPlatyna
45%
84PoPolon
45%
80HgRtęć
45%
73TaTantal
45%
52TeTellur
45%
65TbTerb
45%
74WWolfram
45%
58CeCer
43%
66DyDysproz
43%
63EuEurop
43%
64GdGadolin
43%
60NdNeodym
43%
59PrPrazeodym
43%
61PmPromet
43%
75ReRen
43%
62SmSamar
43%
81TlTal
43%
90ThTor
43%
69TmTul
43%

Rozkład punktacji

Percentyl według liczby udzielonych odpowiedzi

Procent ludzi z każdym wynikiem

Twoja historia wyników

Nie rozwiązałeś tego quizu